000 00666nam a2200193Ia 4500
003 GCL
008 140319s9999 xx 000 0 ara d
040 _aGCL /
_cGCL
082 0 4 _a001.6424
_bع م
100 1 _aعمر مكداشى
245 1 0 _aدليل المستخدم العربى فى البرمجيات الحديثة لنظام التشغيل ام اس - دوس /
_cعمر مكداشى
260 _a[S.N] :
_bدار الراتب الجامعية ،
_c1988
300 _a263 ص
490 _a
650 0 4 _aالحاسبات الالكترونية
650 0 4 _aدوس
650 0 4 _aبرامج الحاسبات الالكترونية
942 _2ddc
_cBK
999 _c57651
_d57651